01360nam a2200325Ia 4500001001200000003000800012006001900020007001500039008004100054010001700095020001800112020002600130040002100156035002100177050002400198245010800222260004200330300002500372490008100397504004100478533015200519650002800671650002800699650003300727655002900760700002000789710001700809830008200826856012600908ebr10223272CaPaEBRm u cr cn|||||||||080831s2008 maua sb 000 0 eng d z 2007935492 z9783764384814 z9783764384821 (ebook) aCaPaEBRcCaPaEBR a(OCoLC)64836922314aQA371b.D445 2008eb00aDifferential equations, chaos and variational problemsh[electronic resource] /cVasile Staicu, editor. aBoston ;aBasel :bBirkhauser,c2008. axiii, 435 p. :bill.1 aProgress in nonlinear differential equations and their applications ;vv. 75 aIncludes bibliographical references. aElectronic reproduction.bPalo Alto, Calif. :cebrary,d2009.nAvailable via World Wide Web.nAccess may be limited to ebrary affiliated libraries. 0aDifferential equations. 0aCalculus of variations. 0aChaotic behavior in systems. 7aElectronic books.2local1 aStaicu, Vasile.2 aebrary, Inc. 0aProgress in nonlinear differential equations and their applications ;vv. 75.40uhttp://site.ebrary.com/lib/rucke/Doc?id=10223272zAn electronic book accessible through the World Wide Web; click to view